Entrepreneurship,equity,and economic development
Saved in:
| Main Author: | |
|---|---|
| Format: | Book |
| Language: | English |
| Published: |
Greenwich, Connecticut :
Jai press inc.,
1986 p.
|
| Series: | Contemporary studies in economic and financial analysis ;
; 53 |
| Subjects: | |
| Tags: |
Add Tag
No Tags, Be the first to tag this record!
|
MARC
| LEADER | 00000nam a2200000 i 4500 | ||
|---|---|---|---|
| 001 | 1/24657 | ||
| 008 | 960718s1986 eng d | ||
| 020 | |a 0-89232-711-1 | ||
| 035 | |l 10022336 | ||
| 040 | |a GR-MY-UA |b gre |e aacr | ||
| 041 | 0 | |a eng | |
| 082 | 0 | |a 338.004 | |
| 100 | 1 | |a Nafziger, E.Wayne. | |
| 245 | 1 | 0 | |a Entrepreneurship,equity,and economic development / |c E. Wayne Nafziger |
| 260 | |a Greenwich, Connecticut : |b Jai press inc., |c 1986 p. | ||
| 490 | 1 | |a Contemporary studies in economic and financial analysis |v ; 53 | |
| 500 | |a Includes index | ||
| 650 | 0 | 0 | |a Entrepreneurship. |
| 650 | 0 | 0 | |a Economic development. |
| 650 | 0 | 0 | |a Businesspeople |z India |x Case studies. |
| 650 | 0 | 0 | |a Businesspeople |z Nigeria |x Case studies. |
| 650 | 0 | 0 | |a Mennonites |x Case studies. |
| 830 | 0 | |a Contemporary studies in economic and financial analysis ; |v ; 53 | |
| 852 | |a INST |b CHIOS |e 19960718 |h 338.004 NAF |p 005200007103 |q 005200007103 |t BK |y 0 | ||
| 909 | |a Χ |b 037731 | ||